00366nam a2200145Ia 4500003000500000008004100005020001800046040001900064082000700083100001800090245004600108260004600154300000800200546001200208STCL181203s9999 xx 000 0 und d a9780674048980 aSTCLbENcSTCL 222 aWilde, Oscar  4aThe Annotated Importance of Being Earnest bHarvard University PressaCambridgec2015 a268 aEnglish